| 000 | 01352cam a2200325 4500 | ||
|---|---|---|---|
| 001 | ABS63324 | ||
| 008 | 000000n2000 000 0 eng u | ||
| 035 | _a(Sirsi) u110015 | ||
| 100 | _aDowden, M | ||
| 245 | _aLaw briefing: landlord and tenant update - July 2000 | ||
| 260 | _c2000 | ||
| 490 |
_aJournal of Property Investment and Finance _v18(6) 2000, 641-647(7) |
||
| 520 | _aProvides an update of legal cases affecting Landlord and Tenant law. Looks at repairs and dilapidations; forfeiture; the Landlord and Tenant (Covenants) Act 1995 and derogation from grant, quoting from relevant recent cases to illustrate points made. | ||
| 590 | _aABS | ||
| 650 | _aREPAIRS | ||
| 650 |
_aDilapidations _96235 |
||
| 650 | _aFORFEITURE | ||
| 650 | _aLANDLORD AND TENANT (COVENANTS) ACT 1995 | ||
| 650 | _aDEROGATION | ||
| 650 | _aULTRAWORTH LTD V GENERAL ACCIDENT CORPORATION PLC | ||
| 650 | _aP&O PROPERTIES HOLDINGS LTD V SOS ENVIRONMENT TRANSPORT REGIONS | ||
| 650 | _aCRAWFORD V CLARKE | ||
| 650 | _aROPAC LTD V INNTREPRENEUR PUB COMPANY (CPC) | ||
| 650 | _aWALLIS FASHION GROUP LTD V CGU LIFE ASSURANCE LTD | ||
| 650 | _aO'MAY V CITY OF LONDON REAL PROPERTY COMPANY LTD | ||
| 650 | _aCHARTERED TRUST V DAVIES | ||
| 650 | _aPETRA INVESTMENTS LTD V JEFFREY ROGERS PLC | ||
| 690 | _aPROPERTY-LANDLORD AND TENANT | ||
| 942 | _n0 | ||
| 999 |
_c65620 _d65620 |
||